00712nam a22001575i 4500001000700000003000900007005001700016008004100033040002000074100002300094245008900117260005000206300002100256500009300277852018400370158201ES-MaACL20230906211044.0020305s1871 sp |||| | spa d aCAM bspa cCAM0 aLuceño, Tomás.13aEl teatro moderno b: sainete original y en verso / cde Tomás Luceño y Becerra. aMadrid : b[s.n.], c1871 (fImp. Española) a32 p. ; c19 cm. aEn port.: Estrenado en el teatro de Lope de Rueda, la noche del 17 de diciembre de 1870. aES-MaACLjF-8579(11) z-- Enc. pasta española q-- Falto de la cub. originalz-- Enc. en un vol. facticio formando parte de la col. faciticia "Teatro español moderno", vol. 32